000171011 001__ 171011 000171011 005__ 20260504101806.0 000171011 020__ $$a978-84-8380-494-0 000171011 037__ $$aBOOK-2026-281 000171011 041__ $$aspa 000171011 100__ $$aÁgreda Pino, Ana M.$$b 000171011 245__ $$aLas artes textiles representadas en el retablo 000171011 260__ $$aHuesca$$bMuseo de Huesca; Gobierno de Aragón$$c2024 000171011 300__ $$a153-164 000171011 506__ $$aall-rights-reserved 000171011 540__ $$9info:eu-repo/semantics/openAccess 000171011 773__ $$tLas pinturas del retablo mayor de Sijena. Un proyecto del Renacimiento para un monasterio femenino 000171011 8560_ $$flplumed@unizar.es 000171011 8564_ $$s3579483$$uhttps://zaguan.unizar.es/record/171011/files/BOOK-2026-281.pdf$$zTexto completo 000171011 909CO $$ooai:zaguan.unizar.es:171011$$pbooks 000171011 980__ $$aBOOK$$bCAPITULOS$$b